00863 2200289 4500001002100000005001700021008004100038020001800079035002400097082001300121090002000134100001800154245012400172250001000296260004100306300002900347500005700376650001900433700001700452700001800469700001700487700001800504850001500522980001500537985000600552999001500558YOGYA-0209000001778920090227022811.0 ind  a979-444-125-2 0010-020900000017789 a616.8527 a616.8527bTay B aTAY, Swee Noi aBagaimana mengendalikan strescTay Swee Noi, Peter J. smith; Penerjemah Dean Praty R; Editor Ignas Bethan, Arif Suharto aCet.1 aJakartabPustaka Utana Grafitic1991 avi, 131 hlmbilusc19 cm aJudul asli: Managing stress: A guide to Asian living aDepresi mental aSmith, Peter aPraty R, Dean aBethan Ignas aSuharto, Agus aYOPDYOG(B) a14-02-2006 a1 a94P0051757